Entre ser e estar : raízes, precursos e discursos da identidade /
Gespeichert in:
| Hauptverfasser: | , |
|---|---|
| Format: | Unbekannt |
| Sprache: | Portuguese |
| Veröffentlicht: |
Rua de Costa Cabral, Portugal :
Afrontamento,
c2001-
|
| Schriftenreihe: | (A sociedade Portuguesa Perante os Desafios da Globalizacao ;
8) |
| Schlagworte: | |
| Tags: |
Tag hinzufügen
Keine Tags, Fügen Sie den ersten Tag hinzu!
|
MARC
| LEADER | 000000000a22000000004500 | ||
|---|---|---|---|
| 001 | 004355 | ||
| 020 | |a 9723605767 | ||
| 041 | 0 | |a por | |
| 082 | 0 | 4 | |a 3981 |b E61e |
| 100 | 1 | |a Ramalho, Maria Irene, organizador | |
| 100 | 1 | |a Sousa Ribeiro, António, organizador | |
| 245 | 1 | 0 | |a Entre ser e estar : |b raízes, precursos e discursos da identidade / |c Maria Irene Ramalho, organizador ; António Sousa Ribeiro, organizador. |
| 260 | 1 | |a Rua de Costa Cabral, Portugal : |b Afrontamento, |c c2001- | |
| 300 | |a volúmenes : |b ilustraciones | ||
| 490 | 1 | |a (A sociedade Portuguesa Perante os Desafios da Globalizacao ; |v 8) | |
| 500 | |a "No. de edición: 771" | ||
| 500 | |a Colección George Yúdice | ||
| 505 | |a Contenido: A sociedade portuguesa perante os desafios da globalizacao: modernizacao economica, social e cultural | ||
| 650 | 4 | |a SOCIEDAD Y CULTURA | |
| 650 | 4 | |a IDENTIDAD NACIONAL | |
| 650 | 4 | |a GLOBALIZACION | |
| 650 | 4 | |a COLONIALISMO | |
| 650 | 4 | |a FEMINISMO | |
| 650 | 4 | |a IDENTIDAD DE GRUPO | |
| 650 | 4 | |a LITERATURA Y SOCIEDAD | |
| 999 | |c 10568 |d 10568 | ||
| 942 | |c BK |h 3981 E61e |2 z | ||



